| 000 | 02081cam a2200433 a 4500 | ||
|---|---|---|---|
| 999 |
_c1740 _d1740 |
||
| 001 | 14819137 | ||
| 005 | 20170602115957.0 | ||
| 008 | 070423s2008 enka b 001 0 eng | ||
| 010 | _a 2007016949 | ||
| 020 | _a9780415403504 (hbk.) | ||
| 020 | _a0415403502 (hbk.) | ||
| 020 | _a9780415403498 (pbk.) | ||
| 020 | _a0415403499 (pbk.) | ||
| 020 | _a9780203940112 (ebk.) | ||
| 020 | _a0203940113 (ebk.) | ||
| 035 | _a(OCoLC)ocn123912521 | ||
| 040 |
_aDLC _cDLC _dBTCTA _dBAKER _dYDXCP _dBWKUK _dBWK _dNLGGC _dHEBIS _dDLC |
||
| 043 | _af------ | ||
| 050 | 0 | 0 |
_aDT30.5 _b.M257 2008 |
| 082 | 0 | 0 |
_a341.24/9 _222 |
| 084 |
_a89.72 _2bcl |
||
| 100 | 1 |
_aMakinda, Samuel M. _932084 |
|
| 245 | 1 | 4 |
_aThe African Union : _bchallenges of globalization, security, and governance / _cSamuel M. Makinda and F. Wafula Okumu. |
| 260 |
_aLondon ; _aNew York : _bRoutledge, _c2008. |
||
| 300 |
_axvii, 209 p. : _bill. ; _c23 cm. |
||
| 490 | 1 | _aRoutledge global institutions | |
| 504 | _aIncludes bibliographical references (p. [197]-201) and index. | ||
| 505 | 0 | _aThe Organization of African Unity and mutual preservation -- The African Union : meeting the challenge of globalization -- Governance, democracy, and the rule of law -- Security and peace building -- Knowledge and development -- Challenges of globalization, security, and governance. | |
| 610 | 2 | 0 |
_aAfrican Union. _927382 |
| 650 | 0 |
_aGlobalization _zAfrica. _930929 |
|
| 650 | 0 |
_aNational security _zAfrica. _932085 |
|
| 651 | 0 |
_aAfrica _xPolitics and government _y1960- _932086 |
|
| 700 | 1 |
_aOkumu, F. Wafula. _932087 |
|
| 830 | 0 |
_aGlobal institutions series. _932088 |
|
| 856 | 4 | 1 |
_3Table of contents only _uhttp://www.loc.gov/catdir/toc/ecip0716/2007016949.html |
| 856 | 4 | 2 |
_3Publisher description _uhttp://www.loc.gov/catdir/enhancements/fy0731/2007016949-d.html |
| 906 |
_a7 _bcbc _corignew _d1 _eecip _f20 _gy-gencatlg |
||
| 942 |
_2lcc _cMONOGRAPH |
||